| 000 | 00783nam a22002417a 4500 | ||
|---|---|---|---|
| 999 |
_c5989 _d5989 |
||
| 001 | 8521 | ||
| 003 | BD-DhUAP | ||
| 005 | 20201223122642.0 | ||
| 008 | 201223s2000 maua b 001 0 eng | ||
| 020 | _a0070393648 | ||
| 040 |
_aDLC _cDLC _dBD-DhUAP _bEng |
||
| 082 | 0 | 0 |
_223 _a628.3 ECK |
| 100 | 1 | _aEckenfelder, W. Wesley. | |
| 245 | 1 | 0 |
_aIndustrial water pollution control / _cW. Wesley Eckenfelder. |
| 250 | _a3rd ed. | ||
| 260 |
_aBoston : _bMcGraw-Hill, _cc2000. |
||
| 300 |
_axii, 584 pages : _billustrations ; _c25 cm. |
||
| 490 | _aMcGraw-Hill series in water resources and environmental engineering. | ||
| 504 | _aIncludes bibliographical references and index. | ||
| 650 | 0 |
_aSewage _xPurification. |
|
| 650 | 0 |
_aFactory and trade waste _xPurification. |
|
| 942 |
_2ddc _cBK |
||